How hot a manager are you?
| Main Author: | |
|---|---|
| Format: | Book |
| Published: |
New York :
McGraw-Hill ,
1987
|
| Edition: | International ed. |
| Series: | (Management series)
|
| Subjects: |
MARC
| LEADER | 00000cam a2200000 7i4500 | ||
|---|---|---|---|
| 001 | 0000000792 | ||
| 005 | 20030609.0 | ||
| 020 | |a 0071001840 | ||
| 040 | |a INS | ||
| 090 | 0 | 0 | |a HF5548.8. |b D49 1987 |
| 100 | 1 | |a Dichter, Ernest | |
| 245 | 1 | 0 | |a How hot a manager are you? |c Ernest Dichter |
| 250 | |a International ed. | ||
| 260 | |a New York : |b McGraw-Hill , |c 1987 | ||
| 300 | |a ix, 149 p. ; |c 22 cm. | ||
| 440 | 0 | |a (Management series) | |
| 650 | 0 | 0 | |a Management |
| 650 | 0 | 0 | |a Psychology |x Industrial |
| 999 | |a 0000002492 |b BOOK |c Open Shelf |e Default branch | ||